| 000 | 00385nam a2200145Ia 4500 | ||
|---|---|---|---|
| 005 | 20250318041105.0 | ||
| 008 | 240331s9999 xx 000 0 und d | ||
| 082 |
_bKIR _a894 |
||
| 100 | _aKrishnamurthi,S | ||
| 245 | 0 | _aVeera magalir | |
| 260 |
_aChennai _bK.K. Books Pvt Ltd _c2008 |
||
| 300 | _a87 p ., | ||
| 500 | _aIthigaasa Pooranagalin kaathapathira ilakiyyappadaippu | ||
| 942 | _cL | ||
| 999 |
_c4725 _d4725 |
||